000 00304nam a2200133 i 4500
001 bg
100 1 _aÜHLEIM, E.
245 0 _aRömpps Chemisches Wörterbuch /
_cE. Ühleim.
260 _aStuttgart,
_c1969.
040 _cBPK
041 _apol
942 _cKS
008 s pl f |000 0 pol
999 _c8498
_d8498
856 _uhttp://koha.tu.koszalin.pl/cgi-bin/koha/opac-detail.pl?biblionumber=8498
_yKatalog online BPK